Person to person communicative speaking and listening skills. Test booklet 2
Đã lưu trong:
| Những tác giả chính: | , , , |
|---|---|
| Định dạng: | Sách |
| Ngôn ngữ: | Tiếng Tây Ban Nha |
| Được phát hành: |
Nueva York
Oxford University Press
2006
|
| Phiên bản: | 3a. ed |
| Những chủ đề: | |
| Các nhãn: |
Thêm thẻ
Không có thẻ, Là người đầu tiên thẻ bản ghi này!
|
MARC
| LEADER | 00000nam a2200000 a 4500 | ||
|---|---|---|---|
| 001 | UCJ0680 | ||
| 003 | CL-VaPUC | ||
| 008 | 060825e20060000US |||||||||||||||||spa|d | ||
| 020 | |a 019430230X | ||
| 082 | 0 | 4 | |a 418.007 |b RIC |2 21 |
| 100 | 0 | |a Richards, Jack C |e author |9 500931 | |
| 700 | 0 | |a Bycina, David |e author |9 500932 | |
| 700 | 0 | |a Wisniewska, Ingrid |e author |9 500933 | |
| 700 | 0 | |a London, Andy |e author |9 500934 | |
| 245 | 1 | 0 | |a Person to person communicative speaking and listening skills. Test booklet 2 |
| 250 | |a 3a. ed | ||
| 300 | |a 35 p | ||
| 942 | |c BK | ||
| 945 | |d 20060825 00:00:00 |a jtorresc | ||
| 260 | |a Nueva York |b Oxford University Press |c 2006 | ||
| 500 | |a Incluye un CD-ROM | ||
| 650 | 0 | |a Lingüística aplicada |9 313266 | |
| 650 | 0 | |a Educación lingüística |9 306506 | |
| 650 | 7 | |a COMUNICACION)TEST |2 CL-VaPUC |9 500935 | |
| 583 | |a last modification |c 20140408 10:45:57 |k Rodrigo Vera | ||
| 999 | |c 317443 |d 317441 | ||